000 00541 a2200193 4500
001 132164
003 OSt
005 20211012123617.0
008
082 _a519.5
_bB73U
100 1 _aBrase, Charles Henry
245 1 _aUnderstanding basic statistics
_cby Charles Henry Brase and Corrinne Pellillo Brase
250 _a4th ed.
260 _aNew york
_bHoughton Mufflin Company
_c2007
300 _a522p.
690 _aMathematical statistics
700 _aBrase, Corrine Pellillo
942 _2ddc
_cBK
999 _c6545
_d6545